| 000 | 00891cab a2200265 4500 | ||
|---|---|---|---|
| 001 | ABS52493 | ||
| 008 | 090401t1995 xxu||||| |||| 00| 0 eng d | ||
| 035 | _a(Sirsi) u81790 | ||
| 041 | _aeng | ||
| 100 | _aMoore, L. | ||
| 245 | _aFreedom of information to play environmental detective | ||
| 260 | _c1995 | ||
| 350 | _a0 | ||
| 490 |
_aProperty Week _v50(10) 9 March 1995, 30-31(2) |
||
| 520 | _aIdentifies environmental information in the public domain and suggests ways it may be used in any assessment of the risks associated with possible land contamination. | ||
| 650 | _aCONTAMINATED LAND | ||
| 650 | _aENVIRONMENTAL ASSESSMENT | ||
| 650 | _aENVIRONMENTAL INFORMATION | ||
| 650 | _aENVIRONMENTAL PROTECTION ACT 1990 | ||
| 650 | _aINFORMATION SOURCES | ||
| 650 | _aRISK ASSESSMENT | ||
| 690 | _aENVIRONMENTAL AND LAND CONSULTANCY | ||
| 942 | _n0 | ||
| 948 | _c04/03/1997 | ||
| 999 |
_c51568 _d51568 |
||